Cải cách giáo dục ở cộng hoà liên bang Nga /

Đã lưu trong:
Sonraí Bibleagrafaíochta
Príomhúdar: Bùi Hiển, PTS.
Formáid: Bài viết
Teanga:Vietnamese
Ábhair:
Nga
Clibeanna: Cuir Clib Leis
Gan Chlibeanna, Bí ar an gcéad duine leis an taifead seo a chlibeáil!
Thư viện lưu trữ: Thư viện Trường Đại học Đà Lạt
LEADER 00746nam a2200265 4500
001 DLU090088039
005 ##20091028
040 # # |a DLU  |b vie 
041 # # |a vie 
044 # # |a vn 
100 # # |a Bùi Hiển,   |c PTS. 
245 # # |a Cải cách giáo dục ở cộng hoà liên bang Nga /  |c Bùi Hiển. 
653 # # |a Giáo dục học 
653 # # |a Nga 
653 # # |a Phát triển giáo dục 
773 # # |t Nghiên cứu Châu Âu  |g Số 1(25), 1999, tr. 28-35 
920 # # |a Phòng Tạp chí -- Trung tâm Thông tin - Thư viện Trường Đại học Đà Lạt 
994 # # |a DLU 
900 # # |a True 
911 # # |a Nguyễn Thị Linh Chi 
925 # # |a G 
926 # # |a A 
927 # # |a BB 
980 # # |a Thư viện Trường Đại học Đà Lạt